000 00662cam a2200205 a 4500
001 000001230
005 20200929145520.0
008 710817s1971 caua b 001 0ceng
020 _a0830700862
040 _aDO-SdBNP
_dBNPHU
082 _a225.922
_bL345m
100 1 _aLaSor, William Sanford.
_q(La Sor, William Sanford)
_94187
245 1 0 _aMen who knew Christ/ :
_bWilliam Sanford Lasor.
260 _aCalifornia :
_bRegal books división,
_c1971.
300 _a167 p. :
_billus. ;
_c18 cm.
650 4 _aHombres en la biblia
_94188
650 0 0 _aBiblia.
_xN.t.
_xBiografías
_94189
650 4 _aBiblia
_vBIOGRAFÍAS
_94190
910 _aCatalogación derivada/LC
999 _c1177
_d1177